Obálka
Pro půjčování e-knih musíte být přihlášeni.
Jak si půjčit online?

Hrajte si s námi /

Hrajte si s námi - komplet Supraphonu z roku 1971 v digitální verzi. Vyprávění, písničky, říkanky, rozpočítávadla a hry pro děti a s dětmi. Pozn. Supraphonu: Původní obal kompletu se bohužel v archivu Supraphonu nezachoval. Prosíme, omluvte kvalitu zvuku.

Uloženo v:
Hlavní autor: Berdychová, Jana (Autor)
Médium: E-audiokniha
Vydáno: Praha : Supraphon a.s., 2014
Tagy:
Žádné tagy
LEADER 01772nim a22003497i 4500
001 302592
007 sr nunnnnnnned
024 |a 099925729127 
044 |a xr 
100 1 |a  Berdychová, Jana  |4 aut 
245 1 0 |a Hrajte si s námi /  |c  Berdychová, Jana 
264 1 |a Praha :  |b Supraphon a.s.,  |c 2014 
300 |a 1 online zdroj (4 hod., 42 min., 20 sek.) 
336 |a mluvené slovo  |b spw  |2 rdacontent 
337 |a audio  |b s  |2 rdamedia 
338 |a online zdroj  |b cr  |2 rdacarrier 
505 0 0 |t Byla ryba u potoka (28 min., 34 sek.) 
505 0 0 |t Na kluzisti - Hra na panaka (27 min., 48 sek.) 
505 0 0 |t Tise, deti, jezek spi - Kosilacek (26 min., 10 sek.) 
505 0 0 |t Toc se, Kaco - Na krizovatce (28 min., 11 sek.) 
505 0 0 |t Hodiny - Zlata brana (27 min., 47 sek.) 
505 0 0 |t Racek - Jak roste stromek (29 min., 15 sek.) 
505 0 0 |t Jak pracuje tatinek - Snehove vlocky (30 min., 2 sek.) 
505 0 0 |t Konicci - Trnka (27 min., 52 sek.) 
505 0 0 |t Prsi, prsi, jen se leje - Dokola, dokola (27 min., 56 sek.) 
505 0 0 |t Na dopravu - Na veverky (28 min., 36 sek.) 
520 2 |a Hrajte si s námi - komplet Supraphonu z roku 1971 v digitální verzi. Vyprávění, písničky, říkanky, rozpočítávadla a hry pro děti a s dětmi. Pozn. Supraphonu: Původní obal kompletu se bohužel v archivu Supraphonu nezachoval. Prosíme, omluvte kvalitu zvuku. 
700 1 |a  Berdychová, Jana  |4 nrt 
910 |a RBIT002 
998 |d 426727  |a https://core.palmknihy.cz/api/books/426727/cover?teld0i  |b https://core.palmknihy.cz/api/books/426727/cover/400?teld0i  |c https://core.palmknihy.cz/api/books/426727/cover/50?teld0i  |e 2099-01-01  |i 099925729127  |l 16940  |q 49  |r 1  |s https://www.palmknihy.cz/kniha/426727  |t audiobook  |y 2014  |z 1 
999 |d 302590